00819nam a2200193Ia 4500003000900000008004100009020002200050040001600072080002300088111007000111245020300181260005000384300002300434650003600457650006100493700002200554700002700576700002200603IN-BaIIA211028s9999 xx 000 0 eng d a978-0-7354-0596-7 cIIA Library a52-732(082.1)bNAN a2008 Nanjing Gamma-Ray Burst ConferencecNanjingd2008 June 23-37 0a2008 Nanjing gamma-ray burst Conferencebproceedings of the 2008 Nanjing gamma-ray burst Conference, held in Nanjing, China, 23 - 37 June, 2008cedited by Yong-Feng Huang, Zi-Gao Dai and Bing Zhang. aNew YorkbAmerican Institute of Physicsc2008 a[various pagings.] aOptical observations-congresses aTwo thousand and eight nanjing gamma-ray burst conferene aDai, Zi-Gao., ed. aHuang, Yong-Feng., ed. aZhang, Bing., ed.